| 000 | 01195pab a2200193 454500 | ||
|---|---|---|---|
| 008 | 180718b2008 xxu||||| |||| 00| 0 eng d | ||
| 100 | _aGupta, Amit | ||
| 245 | _aHigher education in India: Prospects for public private partnership | ||
| 260 | _c2008 | ||
| 300 | _ap.496-503. | ||
| 362 | _aJul-Sep | ||
| 520 | _aThe access to higher education needs to be considerably improved if we are to catch up even with the burgeoning demands from various sectors. This calls for huge investment in the higher education, which the government is not in a position to do. Even if the government increases the allocation for higher education, taking the investment in education up to six per cent of the GDP, there will still be a huge gap in the demand and supply of seats in higher educational institutions. to fill this gap, there is a need to encourage the participation of the corporate sector before we think of inviting foreign direct investment in this sector. - Reproduced. | ||
| 650 | _aHigher education - India | ||
| 650 | _aPublic private partnership - India | ||
| 650 | _aPublic private partnership | ||
| 773 | _aIndian Journal of Public Administration | ||
| 908 | _aN | ||
| 909 | _a79859 | ||
| 999 |
_c79859 _d79859 |
||